Statistics for U.S. States Featured on a Monopoly Board

Click here to take the quiz!

General Stats

  • This quiz has been taken 166 times
  • The average score is 9 of 11

Answer Stats

Property% Correct
{Pennsylvania} Avenue
93%
{Pennsylvania} Railroad
93%
{Illinois} Avenue
90%
{Indiana} Avenue
88%
{New York} Avenue
87%
{Vermont} Avenue
83%
{Kentucky} Avenue
82%
{Virginia} Avenue
80%
{Connecticut} Avenue
79%
{Tennessee} Avenue
79%
{North Carolina} Avenue
71%

Score Distribution

Percentile by Number Answered

Percent of People with Each Score

Your Score History

You have not taken this quiz